广东各地市人均GDP排行 Per capita GDP ranking of cities in Guangdong - Statistics

General Stats
  • This quiz has been taken 70 times
  • The average score is 16 of 21
Answer Stats
排名 城市 人均GDP(元) % Correct
1 深圳 183274
100%
2 珠海 163654
100%
3 广州 153625
100%
4 佛山 132517
98%
5 东莞 106803
95%
6 惠州 89157
87%
7 中山 81620
85%
8 江门 78146
80%
9 肇庆 65513
74%
11 阳江 58556
74%
10 茂名 62685
72%
13 汕头 54504
70%
21 梅州 34085
70%
14 湛江 52787
69%
16 潮州 50988
69%
15 清远 51001
67%
17 汕尾 49242
67%
12 韶关 54665
66%
18 云浮 48538
66%
20 揭阳 40192
66%
19 河源 45563
64%
No matching quizzes found
Score Distribution
Percent of People with Each Score
Percentile by Number Answered
Your Score History
You have not taken this quiz